WWE - Multiple Tag Team Championship Partners - Statistics

General Stats
  • This quiz has been taken 1,164 times
    769 since last reset
  • The average score is 47 of 69
Answer Stats
Titles Won Year(s) Partner % Correct
2 2015 Big E
95%
1 2013 Roman Reigns
95%
2 2017, 2018 Dean Ambrose
94%
7 2000, 2001 Edge
94%
1 2002 Edge
94%
1 2009 Edge
94%
3 1999 The Rock
94%
1 2001 The Rock
94%
3 2001 The Undertaker
94%
1 1998 The Undertaker
94%
7 2017 - 2022 Xavier Woods
94%
9 1999 - 2019 Jeff Hardy
93%
5 2016 - 2018 Sheamus
89%
2 2005, 2011 The Big Show
89%
1 2010 The Big Show
89%
1 2009 The Big Show
89%
1 2012 R-Truth
87%
2 2013, 2014 Goldust
83%
1 2002 Goldust
83%
1 2001 Triple H
83%
1 2024 R-Truth
80%
1 2012 Daniel Bryan
79%
1 2023 Jey Uso
79%
3 2007, 2008, 2020 John Morrison
79%
1 2011 The Miz
79%
1 2005 Eddie Guerrero
78%
1 2007 Shawn Michaels
78%
1 1997 Shawn Michaels
78%
2 2008 Ted DiBiase
77%
1 2008 Batista
76%
1 2005 Batista
76%
5 1997 - 1999 Road Dogg
75%
2 1998 Kane
74%
1 2018 Bray Wyatt
72%
1 1997 Stone Cold Steve Austin
71%
1 2008 CM Punk
68%
1 2011 John Cena
66%
1 2011 Evan Bourne
64%
1 2021 Dominik Mysterio
63%
1 2020 Murphy
62%
2 1999 X-Pac
62%
1 2002 Christian
61%
1 2010 Drew McIntyre
61%
1 2002 Chris Jericho
60%
1 1997 Dude Love
60%
2 1998 Mankind
60%
1 2019 Braun Strowman
59%
1 2003 Rob Van Dam
59%
1 2004 Rob Van Dam
59%
1 2004 Rob Van Dam
59%
1 2014 Damien Mizdow
58%
1 2017 Jason Jordan
58%
1 2019 Shane McMahon
58%
1 2015 Tyson Kidd
58%
1 2001 Chris Benoit
55%
1 2010 David Otunga
55%
1 2007 Hardcore Holly
54%
1 2007 MVP
54%
3 1995, 1996 Bart Gunn
53%
1 2020 Shinsuke Nakamura
50%
2 2002 Chuck
39%
2 2001 Test
38%
1 2002 The Hurricane
36%
1 2002 Lance Storm
35%
2 2003 Lance Storm
35%
1 1998 Chainsaw Charlie
34%
1 2005 Tajiri
32%
1 2004 Eugene
27%
1 1999 Al Snow
21%
No matching quizzes found
Score Distribution
Percent of People with Each Score
Percentile by Number Answered
Your Score History
You have not taken this quiz since the last reset